00852cam a2200205 a 450000100100000000500170001000800410002704000250006804200120009308200180010510000370012324500720016026000910023230000270032349000750035050500970042565000210052265000260054383000770056900000961320200929161637.0770223s1956 ve a 001 j spa  aDO-SdBNPcMWelCdDLC apremarc a863.62bM357h1 aMárquez Salas, Antonio,d1919-14aLas hormigas viajan de noche :bcuentos /cAntonio Márquez Salas. aCaracas, :bCuadernos literarios de la "Asociación de Escritores Venezolanos,c1956. a74 p. :bil. ;c16 cm.1 aCuadernos literarios de la "Asociación de Escritores Venezolanosv900 aUna mujer y la muerte.--Cachupo.--!Como Dios!--Hacia los bellos dias.--El hilo.--Torbellino. 4aCuento español 4aLiteratura española 0aCuadernos literarios de la "Asociación de Escritores Venezolanos ;v90